Chaturvedi & pithisaria income tax act with relevant texts and allied rules / (Record no. 140232)

MARC details
000 -LEADER
fixed length control field 00686nam a22001697a 4500
005 - DATE AND TIME OF LATEST TRANSACTION
control field 20170522145047.0
010 ## - LCCN (DPL NO)
LC control number ENG-118315
020 ## - INTERNATIONAL STANDARD BOOK NUMBER
International Standard Book Number 9788131250877
Terms of availability 1150.00
035 ## - SYSTEM CONTROL NUMBER
System control number EN-101846
037 ## - SOURCE OF ACQUISITION
Source of stock number/acquisition DBAD/PUB
082 ## - DEWEY DECIMAL CLASSIFICATION NUMBER
Classification number 343.54052
245 ## - TITLE STATEMENT
Title Chaturvedi & pithisaria income tax act with relevant texts and allied rules /
Statement of responsibility, etc by Mukesh Pithisaria
260 ## - PUBLICATION, DISTRIBUTION, ETC. (IMPRINT)
Place of publication, distribution, etc Haryana
Name of publisher, distributor, etc LexisNexis
Date of publication, distribution, etc 2017
270 ## - ADDRESS
Address 14th Floor, Building No 10, Tower-B, DLF Cyber City, Phase-II, Gurgaon-122002, Haryana, India
300 ## - PHYSICAL DESCRIPTION
Extent ccxlv, 1403p
Dimensions 24cm.(pbk)
942 ## - ADDED ENTRY ELEMENTS (KOHA)
Source of classification or shelving scheme Dewey Decimal Classification
Item type English Books
Classification part 343.54052
Call number suffix CHA
Holdings
Withdrawn status Lost status Not for loan Collection code Home library Current library Date acquired Source of acquisition Cost, normal purchase price Full call number Barcode Copy number Cost, replacement price Koha item type
    Not For Loan Non-fiction D.B.Act.Division D.B.Act.Division 22/05/2017 DBAD/PUB. 1150.00 343.54052 CHA EN-101847 1 1150.00 English Books

© Delhi Public Library
Hit Counter
free hit counter